01218 2200277 4500001002100000005001500021035002000036007000300056008004100059020001500100082001000115084001600125100002900141245012700170250002000297300002500317700003400342520040600376600002000782600001400802264003400816336002100850337003000871338002300901990001600924INLIS00000000000105920260522094022 a0010-0526000515ta260522 e 0 ind  a9792544313 a649.1 a649.1 VIR h0 aVirzara AurynePengarang1 aHow to create a smart kids :bCara praktis menciptakan anak sehat dan cerdas /cVirzara Auryn ; editor, Abdul Qodir Shaleh acetakan pertama a200 halaman ;c21 cm0 aAbdul Qodir ShalehePengarang aAnak yang sehat dan pintar, anak kreatif dan inovatif, tentu menjadi dambaan setiap orang tua di dunia ini. Dengan anak seperti itu, orangtua-pun bisa bangga dan menjadi bukti keberhasilannya dalam mendidik anak tersebut. Selain itu, anak yang sehat dan cerdas mempunyai karakteristik yang sangat menyenangkan dan menggemaskan sehingga banyak orang tertarik kepadanya dan juga ikut bangga terhadapnya. 4aPengasuhan anak 4aParenting aJogjakarta :bKatahati,c2007 2rdacontentateks 2rdamediaatanpa perantara 2rdacarrieravolume aKC002097/19